| 000 | 03015nam a2200469 i 4500 | ||
|---|---|---|---|
| 001 | 196182 | ||
| 003 | ES-MaACL | ||
| 005 | 20250809052937.0 | ||
| 008 | 240817s2020 sp a | |||| 001 0 spa | ||
| 015 | _aMON20 | ||
| 017 |
_aM 31808-2020 _bOficina Depósito Legal Madrid |
||
| 020 | _a9788494852855 | ||
| 035 | _a(SpMaBN)a6836316 | ||
| 035 | _a991032952369708606 | ||
| 040 |
_aSpMaBN _bspa _cSpMaBN _erda |
||
| 080 | _a341.645 | ||
| 080 | _a341.322.5 | ||
| 100 |
_aBass, Gary J _9238445 _eaut |
||
| 240 | 1 | 0 |
_aStay the Hand of Vengeance: the Politics of War Crimes Tribunals _lEspañol |
| 245 | 1 | 0 |
_aDetén la mano de la venganza : _bla política de los tribunales internacionales de crímenes de guerra / _cGary J. Bass ; edición y presentación, Joaquín González Ibáñez ; prólogo de la edición española, Joan Garcés ; traducción, Juan Cambreleng Contreras. |
| 264 | 1 |
_a[Madrid] : _bBerg Institute, _c[2020]. |
|
| 264 | 4 | _c©2020 | |
| 300 |
_a604 páginas : _bfotografías (blanco y negro), mapas (blanco y negro) ; _c24 cm. |
||
| 336 |
_aTexto _2rdacontent |
||
| 337 |
_asin mediación _2rdamedia |
||
| 338 |
_avolumen _2rdacarrier |
||
| 490 | 1 |
_aBiblioteca literatura y derechos humanos ; _v6 |
|
| 504 | _aIncluye referencias bibliográficas e índices | ||
| 520 | _aLa justicia internacional se ha convertido en parte crucial de los debates políticos sobre el futuro de sociedades destruidas como Bosnia, Kosovo, Ruanda, Camboya y Chile. ¿Por qué nuestros gobiernos en ocasiones demuestran un sorprendente idealismo frente a crímenes de guerra y atrocidades fuera de su territorio, y en otros casos abandonan cínicamente la búsqueda de la justicia internacional?. Detén la mano de la venganza de Gary Bass, ofrece una visión sin precedentes de las políticas detrás de los tribunales internacionales de crímenes de guerra, combinando análisis con reportaje de investigación y una amplia perspectiva histórica. Bass explica cómo llevar a criminales de guerra frente a la justicia puede llegar a ser un sufrimiento militar, una fuente de frustración legal interminable y una pesadilla diplomática. El libro se pregunta cómo interactúan el Derecho y la política internacional, y cómo el poder político y militar puede emplearse para servir a la causa de la justicia. | ||
| 650 | 7 |
_aTribunales internacionales _9136956 |
|
| 650 | 7 |
_aCrímenes de guerra _9135843 |
|
| 700 |
_aGonzález Ibáñez, Joaquín, _d1970- _9238427 _epbl |
||
| 700 |
_aCambreleng Contreras, Juan _9238446 _etrl |
||
| 700 | 0 |
_aGarcés, Joan E _953968 _eaui |
|
| 830 | 0 |
_aBiblioteca literatura y derechos humanos _v6 _9238888 |
|
| 852 |
_aES-MaACL _bR.154552 _cDEPOJ _jN-9257 _hDonación: Editorial _xEncuadernación cartoné _9205211 |
||
| 942 |
_cMONOGRAFIA _n0 |
||
| 999 |
_c196182 _d196182 |
||